00443nam a2200121Ia 4500008004100000245012800041260004500169260000900214300000900223500001300232650001300245856006300258170516s9999 xx 000 0 und d aPerceptions on the risk and management of unused pharmaceuticals toward the creation of guidelines on handling and disposal bAsian Journal of Pharmaceutical Sciences c2016 a11:1 aFebruary xPharmacy uhttp://www.sciencedirect.com/science/journal/18180876/11/1